[Event "FRA T I 120102011"]
[Site "FRA"]
[Date "2010.10.17"]
[Round "1.8"]
[White "Seelen, Amandine"]
[Black "Faugerolles, Nicolas"]
[Result "0-1"]
[WhiteElo "1665"]
[BlackElo "1800"]
[PlyCount "136"]
[EventDate "2010.10.17"]
[EventType "team-match"]
[EventRounds "9"]
[EventCountry "FRA"]
[Source "FFE"]
[SourceDate "2010.10.29"]
[WhiteTeamCountry "FRA"]
[BlackTeamCountry "FRA"]

1. d4 d5 2. c4 e6 3. Nc3 Nc6 4. Nf3 Nf6 5. Bf4 Bb4 6. a3 Bxc3+ 7. bxc3 dxc4 8.
e3 Nd5 9. Qc2 Nxf4 10. exf4 Qd5 11. Be2 Bd7 12. O-O Na5 13. Rab1 O-O 14. Rb4 b5
15. Ne5 Qd6 16. a4 a6 17. Bg4 Nc6 18. Rb2 Nxe5 19. fxe5 Qe7 20. axb5 axb5 21.
f4 f5 22. exf6 Rxf6 23. Qe4 Qa3 24. Rbf2 Raf8 25. Rf3 Qd6 26. R3f2 Bc6 27. Qe3
Rh6 28. Re1 Bd5 29. Bh3 Kh8 30. Qg3 b4 31. cxb4 Qxb4 32. Rc1 Qd6 33. Qe3 Rhf6
34. g3 Rb8 35. Bg2 Rb3 36. Qd2 Rd3 37. Qb2 Bxg2 38. Kxg2 Rxd4 39. Ra1 Qc6+ 40.
Kg1 Rd8 41. Rc1 Rf5 42. Qb4 Rfd5 43. Qxc4 Rd1+ 44. Rf1 Rxf1+ 45. Qxf1 Qb6+ 46.
Kg2 Qb2+ 47. Kh3 Rd2 48. Rxc7 Rxh2+ 49. Kg4 h5+ 50. Kf3 Qb3+ 51. Ke4 Qd5+ 52.
Ke3 Qd2+ 53. Kf3 Qd5+ 54. Ke3 Rb2 55. Qc1 Rb3+ 56. Rc3 Qc5+ 57. Kd3 Qd5+ 58.
Ke3 Qc5+ 59. Kd3 Rxc3+ 60. Qxc3 Qxc3+ 61. Kxc3 g6 62. Kd4 Kg7 63. Ke4 Kf6 64.
Kf3 Kf5 65. Kf2 Kg4 66. Kg2 Kf5 67. Kf3 g5 68. fxg5 Kxg5 0-1

[Event "FRA T I 120102011"]
[Site "FRA"]
[Date "2010.11.14"]
[Round "3.4"]
[White "Balague Canadell, Jordi"]
[Black "Pouplin, Johan"]
[Result "1-0"]
[WhiteElo "2041"]
[BlackElo "1838"]
[PlyCount "133"]
[EventDate "2010.10.17"]
[EventType "team-match"]
[EventRounds "9"]
[EventCountry "FRA"]
[Source "FFE"]
[SourceDate "2010.10.29"]
[WhiteTeamCountry "FRA"]
[BlackTeamCountry "FRA"]

1. c4 Nf6 2. Nc3 e5 3. Nf3 Nc6 4. e3 Bb4 5. Qc2 O-O 6. Nd5 d6 7. a3 Bc5 8. b4
Bb6 9. Bb2 Nxd5 10. cxd5 Ne7 11. Bc4 a5 12. d4 exd4 13. Nxd4 Bd7 14. O-O Ng6
15. Qc3 Qf6 16. Nb5 Qxc3 17. Bxc3 axb4 18. Bxb4 Ne5 19. Be2 Bf5 20. Rfd1 Rfc8
21. Rac1 Nd7 22. Nd4 Bg6 23. Nb3 f5 24. Nd4 Bxd4 25. Rxd4 b6 26. Bb5 Nc5 27.
Rc3 Be8 28. Be2 Bd7 29. g4 fxg4 30. Bxg4 Bxg4 31. Rxg4 Re8 32. f3 Re7 33. e4
Rf8 34. Kg2 h5 35. Rg5 h4 36. Rg4 h3+ 37. Kxh3 Na6 38. Kg3 Nxb4 39. axb4 Ra8
40. h4 Ra4 41. Rb3 Kf7 42. Kf4 Kf6 43. h5 Ra1 44. Rb2 Rf7 45. Rg5 Rc1 46. Rbg2
Ke7+ 47. Rf5 Rc4 48. Rxf7+ Kxf7 49. Kf5 b5 50. Rb2 Rc3 51. f4 Rc4 52. Rb3 Rd4
53. Rc3 Rc4 54. Rb3 Rd4 55. Rb1 Rc4 56. e5 Ke7 57. Rg1 Kf7 58. exd6 cxd6 59.
Rg6 Rxb4 60. Rxd6 Rd4 61. Ke5 Rc4 62. Rd7+ Kf8 63. Rb7 b4 64. d6 Rc1 65. Ke6
Re1+ 66. Kd5 Rh1 67. Rb8+ 1-0

[Event "FRA T I 120102011"]
[Site "FRA"]
[Date "2010.11.14"]
[Round "3.5"]
[White "Mania, Clement"]
[Black "Pfeifer, Andreas"]
[Result "1/2-1/2"]
[WhiteElo "2154"]
[BlackElo "2055"]
[PlyCount "131"]
[EventDate "2010.10.17"]
[EventType "team-match"]
[EventRounds "9"]
[EventCountry "FRA"]
[Source "FFE"]
[SourceDate "2010.10.29"]
[WhiteTeamCountry "FRA"]
[BlackTeamCountry "FRA"]

1. e4 e6 2. d4 d5 3. Nc3 Bb4 4. e5 Qd7 5. a3 Bxc3+ 6. bxc3 b6 7. Qg4 f5 8. Qg3
Ba6 9. Bxa6 Nxa6 10. Ne2 Qf7 11. h4 Ne7 12. h5 h6 13. a4 Nb8 14. Ba3 Nbc6 15.
Nf4 O-O-O 16. a5 Rdg8 17. axb6 cxb6 18. Bxe7 Qxe7 19. Ng6 Qg5 20. Qxg5 hxg5 21.
Nxh8 Rxh8 22. Ke2 a5 23. g4 f4 24. Kd3 Kc7 25. Rhb1 Rd8 26. Ra4 Kb7 27. c4
dxc4+ 28. Rxc4 Nxe5+ 29. Kc3 Nxc4 30. Kxc4 Kc6 31. Re1 b5+ 32. Kc3 Kd6 33. Re5
Rc8+ 34. Kd3 Rb8 35. Rxg5 Rb7 36. Kc3 Rc7+ 37. Rc5 Rb7 38. g5 Ke7 39. Re5 Kd6
40. Rc5 Rb8 41. Kb3 Rh8 42. g6 Rb8 43. c3 Kd7 44. Kb2 Kd6 45. Kc2 Kd7 46. c4
bxc4 47. Rxa5 Kd6 48. Ra7 Rb5 49. Rxg7 Rxh5 50. Rh7 Rg5 51. g7 Rg4 52. Kc3 Kd5
53. f3 Rg1 54. Rh5+ Kd6 55. Kxc4 Rxg7 56. Kd3 Rg1 57. Ke4 Rd1 58. Ra5 Rd2 59.
Ra6+ Kd7 60. Ra4 Kd6 61. Kxf4 Re2 62. Ra5 Re1 63. Ra3 Kd5 64. Re3 Rd1 65. Re5+
Kd6 66. Re4 1/2-1/2

[Event "FRA T I 120102011"]
[Site "FRA"]
[Date "2010.11.14"]
[Round "3.5"]
[White "Pascal Mousselard, Philippe"]
[Black "Pradere, Anthony"]
[Result "0-1"]
[WhiteElo "1920"]
[BlackElo "2009"]
[PlyCount "130"]
[EventDate "2010.10.17"]
[EventType "team-match"]
[EventRounds "9"]
[EventCountry "FRA"]
[Source "FFE"]
[SourceDate "2010.10.29"]
[WhiteTeamCountry "FRA"]
[BlackTeamCountry "FRA"]

1. b3 d5 2. Bb2 Bg4 3. f3 Bf5 4. e3 e6 5. Ne2 Nf6 6. Ng3 Bg6 7. Be2 h5 8. Bb5+
c6 9. Bd3 Bxd3 10. cxd3 h4 11. Ne2 Bd6 12. Ba3 e5 13. Bxd6 Qxd6 14. Nbc3 Nbd7
15. Qc2 O-O-O 16. O-O-O Kb8 17. d4 exd4 18. Nxd4 g6 19. Kb1 a6 20. Nde2 Rhe8
21. g3 hxg3 22. hxg3 Re7 23. Rh3 c5 24. Rh4 g5 25. Rh6 d4 26. Qd3 Ne5 27. Qf5
Nc6 28. exd4 cxd4 29. Ne4 Nxe4 30. fxe4 d3 31. Nc3 Qxg3 32. Rh7 Ne5 33. Qf6
Ree8 34. Rhh1 Qf4 35. Qb6 Nd7 36. Qa5 Qe5 37. Qb4 Nc5 38. Qc4 Rd7 39. Rde1 Rd4
40. Qxf7 Nxe4 41. Nxe4 Rxe4 42. Rc1 Qe7 43. Qf3 Rd8 44. Qg3+ Rf4 45. Rhg1 Rd5
46. Rge1 Qd7 47. Qh2 Ka7 48. Rc3 Rf3 49. Rec1 Qd6 50. Qh7 Qd7 51. Qh2 Rdf5 52.
Qg1+ Rf2 53. Qg3 R2f3 54. Qg1+ Kb8 55. Qh2+ R5f4 56. Qh8+ Ka7 57. Rc7 Qd5 58.
Rc8 Rf1 59. Ra8+ Kb6 60. Qh6+ Rf6 61. Qh3 Rxc1+ 62. Kxc1 Qc5+ 63. Kb2 Qc2+ 64.
Ka3 Qxd2 65. Qd7 Qc1+ 0-1

[Event "FRA T I 120102011"]
[Site "FRA"]
[Date "2010.11.13"]
[Round "2.3"]
[White "Saez, Frederic"]
[Black "Navarrete Delgado, Sergio"]
[Result "1/2-1/2"]
[WhiteElo "2225"]
[BlackElo "2222"]
[PlyCount "130"]
[EventDate "2010.10.17"]
[EventType "team-match"]
[EventRounds "9"]
[EventCountry "FRA"]
[Source "FFE"]
[SourceDate "2010.10.29"]
[WhiteTeamCountry "FRA"]
[BlackTeamCountry "FRA"]

1. e4 d5 2. exd5 Nf6 3. d4 Bg4 4. f3 Bf5 5. Bb5+ Nbd7 6. c4 a6 7. Ba4 b5 8.
cxb5 Nxd5 9. Ne2 axb5 10. Bxb5 Nb4 11. Na3 c6 12. Bd2 e6 13. Bc4 Bd6 14. O-O
O-O 15. Bb3 Nd5 16. Nc4 Bb8 17. Ne3 Bd3 18. Nxd5 cxd5 19. Be3 Ba6 20. Bc2 Qb6
21. b3 Ne5 22. Bf2 Nc6 23. Bd3 Nb4 24. Bxa6 Qxa6 25. Nc3 Nd3 26. Be3 Nf4 27.
Qd2 Ng6 28. Na4 h5 29. Rfc1 h4 30. f4 Qd6 31. g3 hxg3 32. hxg3 Ne7 33. Nc5 Nf5
34. Kf2 g5 35. Nd3 Ba7 36. Nc5 Rfc8 37. b4 Bxc5 38. bxc5 Qc6 39. fxg5 Ra3 40.
Rc3 Nd6 41. cxd6 Rxc3 42. Rc1 Rxc1 43. Qxc1 Qxc1 44. Bxc1 Kf8 45. Bf4 Rc2+ 46.
Kf3 Rxa2 47. Be5 Ke8 48. Bf6 Kd7 49. Be5 Ra3+ 50. Kf4 Ra1 51. g6 Rf1+ 52. Kg4
fxg6 53. Kg5 Rf5+ 54. Kh4 Kc6 55. Kh3 Kd7 56. Kh4 Ke8 57. Kh3 Kf7 58. Kh4 Rf1
59. Kg5 Rf5+ 60. Kh4 Rh5+ 61. Kg4 Ke8 62. Kf4 Rf5+ 63. Kg4 Rf7 64. Kg5 Rf5+ 65.
Kg4 Kd7 1/2-1/2

[Event "FRA T I 120102011"]
[Site "FRA"]
[Date "2010.11.14"]
[Round "3.1"]
[White "Van Elst, Andreas"]
[Black "Bruneau, Laurent"]
[Result "0-1"]
[WhiteElo "2276"]
[BlackElo "2228"]
[PlyCount "124"]
[EventDate "2010.10.17"]
[EventType "team-match"]
[EventRounds "9"]
[EventCountry "FRA"]
[Source "FFE"]
[SourceDate "2010.10.29"]
[WhiteTeamCountry "FRA"]
[BlackTeamCountry "FRA"]

1. e4 d6 2. d4 Nf6 3. Nc3 g6 4. f4 Bg7 5. Nf3 c5 6. dxc5 Qa5 7. Bd3 Qxc5 8. Qe2
O-O 9. Be3 Qa5 10. O-O Nc6 11. Kh1 Bg4 12. Qe1 Nb4 13. Nd4 Nxd3 14. cxd3 Bd7
15. h3 Qh5 16. Kg1 Rac8 17. Rf3 Qa5 18. f5 e6 19. Qf2 h6 20. fxg6 fxg6 21. Qg3
Kh7 22. Qxd6 Rcd8 23. Nb3 Qh5 24. Qg3 g5 25. Raf1 Qg6 26. Kh1 Bc6 27. Nd4 Nh5
28. Qg4 Rxf3 29. Nxf3 Rxd3 30. Bxa7 Bd7 31. e5 Bc6 32. Bb8 Nf4 33. Kh2 Bxf3 34.
Rxf3 Rd2 35. Rg3 Rxb2 36. Bd6 Rd2 37. Qf3 Qc2 38. Ne4 Rd3 39. Qf2 Qxf2 40. Nxf2
Rd2 41. Ne4 Rxa2 42. h4 Re2 43. Nf6+ Kg6 44. hxg5 hxg5 45. Ng4 Nd5 46. Rf3 b5
47. Kg3 Re4 48. Rb3 b4 49. Kf3 Kf5 50. Nf2 g4+ 51. Kg3 Re3+ 52. Rxe3 Nxe3 53.
Bxb4 Bxe5+ 54. Kh4 Nxg2+ 55. Kh5 g3 56. Nh3 Bd4 57. Bd2 e5 58. Ng5 Nf4+ 59.
Bxf4 exf4 60. Nf3 Bf6 61. Ne1 Bd8 62. Nf3 g2 0-1

[Event "FRA T I 120102011"]
[Site "FRA"]
[Date "2010.10.17"]
[Round "1.5"]
[White "Zschiedrich, Heiko"]
[Black "Balague Canadell, Jordi"]
[Result "1/2-1/2"]
[WhiteElo "2146"]
[BlackElo "2044"]
[PlyCount "123"]
[EventDate "2010.10.17"]
[EventType "team-match"]
[EventRounds "9"]
[EventCountry "FRA"]
[Source "FFE"]
[SourceDate "2010.10.29"]
[WhiteTeamCountry "FRA"]
[BlackTeamCountry "FRA"]

1. e4 c5 2. c3 g6 3. d4 cxd4 4. cxd4 d5 5. e5 Bg7 6. h3 Nh6 7. Nf3 O-O 8. Nc3
Nc6 9. Bb5 Bd7 10. O-O a6 11. Bxc6 Bxc6 12. Bf4 f6 13. Qd2 Nf7 14. Rfe1 Rc8 15.
b4 b6 16. a4 Bb7 17. a5 b5 18. Nd1 Rc6 19. Nb2 Bc8 20. Rac1 Rxc1 21. Rxc1 g5
22. exf6 exf6 23. Bc7 Qe7 24. Bb6 Re8 25. Bc5 Qd8 26. Bb6 Qe7 27. Bc5 Qd8 28.
Nd3 g4 29. hxg4 Bxg4 30. Qf4 Qd7 31. Re1 Rxe1+ 32. Nfxe1 Qc8 33. Qg3 Qe6 34.
Qb8+ Qc8 35. Qg3 Qe6 36. Qb8+ Qc8 37. Qxc8+ Bxc8 38. Nf4 Bb7 39. Ned3 Nd8 40.
Kf1 Kf7 41. Bb6 Nc6 42. Nc5 Bc8 43. Nxd5 f5 44. Ke2 Bxd4 45. f4 Bxc5 46. Bxc5
Ke6 47. Ne3 Nb8 48. Kd3 Nc6 49. Kc3 Bb7 50. Bb6 Bc8 51. Bd4 Bb7 52. Bc5 Bc8 53.
Kd2 Bb7 54. Ke2 Nb8 55. Kf2 Nd7 56. Bd4 Nb8 57. Kg3 Nc6 58. Bc5 Nd8 59. Kh4 Be4
60. Kg5 Nf7+ 61. Kh5 Bd3 62. Kh4 1/2-1/2

[Event "FRA T I 120102011"]
[Site "FRA"]
[Date "2010.11.14"]
[Round "3.2"]
[White "Navarrete Delgado, Sergio"]
[Black "Zschiedrich, Heiko"]
[Result "1-0"]
[WhiteElo "2222"]
[BlackElo "2144"]
[PlyCount "121"]
[EventDate "2010.10.17"]
[EventType "team-match"]
[EventRounds "9"]
[EventCountry "FRA"]
[Source "FFE"]
[SourceDate "2010.10.29"]
[WhiteTeamCountry "FRA"]
[BlackTeamCountry "FRA"]

1. e4 e6 2. d4 d5 3. exd5 exd5 4. Bd3 Nf6 5. Bg5 Be7 6. h3 Ne4 7. Bxe7 Qxe7 8.
Ne2 Qg5 9. Bxe4 dxe4 10. Nbc3 O-O 11. Nxe4 Qxg2 12. N4g3 Nc6 13. Qd2 Re8 14.
O-O-O Qxf2 15. d5 Ne5 16. Rdf1 Qc5 17. Kb1 Nc4 18. Qf4 Qxd5 19. Rd1 Qb5 20. b3
Nd6 21. Rhg1 Qe5 22. Qh4 Nf5 23. Qg5 f6 24. Qd2 Nxg3 25. Nxg3 Bxh3 26. Qd3 Rad8
27. Qc4+ Be6 28. Qh4 Rxd1+ 29. Rxd1 Qg5 30. Qh2 Bg4 31. Rg1 h5 32. Nh1 Qe5 33.
Qg2 c6 34. Nf2 f5 35. Nd3 Qd6 36. Qf2 b6 37. Re1 Re4 38. Rf1 Re2 39. Qh4 Qh2
40. Qd8+ Kh7 41. Rc1 Rg2 42. Qg5 Rg1 43. Qe3 Rxc1+ 44. Kxc1 Qd6 45. Kb1 h4 46.
Ne5 h3 47. Qg3 g5 48. Kb2 Qd4+ 49. c3 Qf4 50. Qe1 Bh5 51. Nd3 Qd6 52. Qf1 Qh2+
53. Ka3 f4 54. Ne5 Qg2 55. Qd3+ Kg8 56. Qd8+ Kg7 57. Qe7+ Kg8 58. Nd7 Bf7 59.
Qf8+ Kh7 60. Qxf7+ Kh6 61. Ne5 1-0

[Event "FRA T I 120102011"]
[Site "FRA"]
[Date "2010.10.17"]
[Round "1.5"]
[White "Bastin, Stephane"]
[Black "Dargagnon, Remi"]
[Result "1-0"]
[WhiteElo "1979"]
[BlackElo "2052"]
[PlyCount "119"]
[EventDate "2010.10.17"]
[EventType "team-match"]
[EventRounds "9"]
[EventCountry "FRA"]
[Source "FFE"]
[SourceDate "2010.10.29"]
[WhiteTeamCountry "FRA"]
[BlackTeamCountry "FRA"]

1. e4 e6 2. d4 d5 3. Nd2 Nf6 4. e5 Nfd7 5. Ndf3 c5 6. c3 Nc6 7. Ne2 cxd4 8.
cxd4 f6 9. exf6 Nxf6 10. Nc3 Bd6 11. Be2 O-O 12. O-O Qb6 13. Na4 Qc7 14. Be3
Bd7 15. Rc1 Rae8 16. Nc5 Bxc5 17. Rxc5 Ne4 18. Rc2 Qd6 19. a3 e5 20. dxe5 Nxe5
21. Nxe5 Qxe5 22. Qd4 Qxd4 23. Bxd4 Rc8 24. Rfc1 Rc6 25. Rxc6 bxc6 26. f3 Nd2
27. Bxa7 Re8 28. Kf2 Nb3 29. Rc3 Na5 30. b4 Nb7 31. Bd4 Nd6 32. a4 Nf5 33. Bc5
Kf7 34. a5 Ra8 35. g4 Nh6 36. Re3 Ng8 37. Bd3 h6 38. a6 Bc8 39. a7 Be6 40. Ba6
Bc8 41. Ra3 Bxa6 42. Rxa6 Ne7 43. Ke3 Ke6 44. h4 Kd7 45. f4 Ng6 46. h5 Ne7 47.
Bd4 g6 48. hxg6 Nxg6 49. b5 Ne7 50. b6 Kc8 51. f5 Kb7 52. Ra1 h5 53. f6 c5 54.
Bxc5 Nc6 55. f7 d4+ 56. Ke4 hxg4 57. f8=Q Rxf8 58. Bxf8 Nxa7 59. bxa7 Ka8 60.
Bc5 1-0

[Event "FRA T I 120102011"]
[Site "FRA"]
[Date "2010.10.17"]
[Round "1.5"]
[White "Mombiela Martinez, Gonzalo"]
[Black "Pfeifer, Andreas"]
[Result "0-1"]
[WhiteElo "2110"]
[BlackElo "2046"]
[PlyCount "120"]
[EventDate "2010.10.17"]
[EventType "team-match"]
[EventRounds "9"]
[EventCountry "FRA"]
[Source "FFE"]
[SourceDate "2010.10.29"]
[WhiteTeamCountry "FRA"]
[BlackTeamCountry "FRA"]

1. e4 e6 2. d3 c5 3. Nd2 Nc6 4. Ngf3 g6 5. g3 Bg7 6. Bg2 Nge7 7. O-O O-O 8. Re1
e5 9. Nc4 d6 10. a4 b6 11. c3 Bg4 12. Ne3 Be6 13. Ng5 Bd7 14. Bd2 h6 15. Nf3 a5
16. Nc4 Qc7 17. Qc2 Rab8 18. Na3 Rbd8 19. Nb5 Qb8 20. Be3 Bg4 21. Nd2 d5 22. h3
Be6 23. f3 Qc8 24. Kh2 Qd7 25. exd5 Nxd5 26. Nc4 Na7 27. Nxa7 Qxa7 28. Rad1 Rd7
29. Bf2 Qc7 30. Na3 Bf5 31. Qe2 Rfd8 32. Nb5 Qb8 33. Bf1 Nf6 34. Qe3 Nd5 35.
Qe2 Nc7 36. g4 Bxd3 37. Qe3 Bxf1 38. Rxd7 Rxd7 39. Nxc7 Qxc7 40. Rxf1 Qd6 41.
Re1 Qd2 42. Re2 Qxe3 43. Bxe3 f5 44. Kg2 Kf7 45. Bf2 Ke6 46. b4 axb4 47. cxb4
Bf8 48. Rc2 Rd5 49. a5 cxb4 50. axb6 Rb5 51. Kf1 b3 52. Rb2 Ba3 53. Rb1 Kd5 54.
Ke2 Bc5 55. gxf5 gxf5 56. Rd1+ Kc6 57. Bg3 b2 58. Rb1 Bd4 59. Be1 Rxb6 60. Bd2
h5 0-1

[Event "FRA T I 120102011"]
[Site "FRA"]
[Date "2010.11.14"]
[Round "3.8"]
[White "Alaux, Sophie"]
[Black "Malassagne, Raphael"]
[Result "0-1"]
[WhiteElo "1650"]
[BlackElo "1748"]
[PlyCount "118"]
[EventDate "2010.10.17"]
[EventType "team-match"]
[EventRounds "9"]
[EventCountry "FRA"]
[Source "FFE"]
[SourceDate "2010.10.29"]
[WhiteTeamCountry "FRA"]
[BlackTeamCountry "FRA"]

1. e4 d5 2. exd5 Qxd5 3. Nc3 Qa5 4. d4 Nf6 5. Nf3 Bg4 6. Be2 Nc6 7. Bb5 O-O-O
8. Bxc6 bxc6 9. O-O e5 10. h3 exd4 11. hxg4 dxc3 12. Qe2 Nxg4 13. Ng5 Nh6 14.
bxc3 Bd6 15. Qc4 Qe5 16. Nf3 Qf5 17. Qh4 c5 18. Be3 Qd7 19. Qe4 Qg4 20. Qa8+
Kd7 21. Rfd1 Ke7 22. Qxa7 Qh5 23. Rxd6 Kxd6 24. Rd1+ Ke6 25. Ng5+ Kf5 26. Qxc5+
Kg6 27. Qc6+ f6 28. Re1 Rhe8 29. Nh3 Kf7 30. Qxc7+ Kg8 31. Nf4 Qf7 32. Qxf7+
Kxf7 33. Kf1 Nf5 34. Bc5 Rd2 35. a3 Nd6 36. Bxd6 Rxd6 37. Rxe8 Kxe8 38. Ke2 Kd7
39. Nd3 Kc6 40. a4 Kd5 41. f3 Kc4 42. Kd2 h5 43. Kc1 Kxc3 44. Nf4 h4 45. a5 g5
46. Ne2+ Kc4 47. c3 Ra6 48. Kb2 Rxa5 49. Nd4 Rd5 50. Kc2 Ra5 51. Kb2 Ra7 52.
Ne2 Kd3 53. Nc1+ Ke3 54. Kb3 Kd2 55. Kb2 Rb7+ 56. Nb3+ Ke3 57. Kc2 Kf2 58. Nc5
Rf7 59. Nd3+ Kxg2 0-1

[Event "FRA T I 120102011"]
[Site "FRA"]
[Date "2010.11.13"]
[Round "2.5"]
[White "Champ, Gael"]
[Black "Vanderbeeken, Mikael"]
[Result "1/2-1/2"]
[WhiteElo "2087"]
[BlackElo "2138"]
[PlyCount "118"]
[EventDate "2010.10.17"]
[EventType "team-match"]
[EventRounds "9"]
[EventCountry "FRA"]
[Source "FFE"]
[SourceDate "2010.10.29"]
[WhiteTeamCountry "FRA"]
[BlackTeamCountry "FRA"]

1. e4 e6 2. d4 d5 3. Nc3 Bb4 4. e5 c5 5. a3 Bxc3+ 6. bxc3 Ne7 7. Nf3 b6 8. a4
Qc7 9. Bb5+ Nec6 10. O-O Ba6 11. Bxa6 Nxa6 12. Qe2 Nab8 13. c4 dxc4 14. dxc5
bxc5 15. Qxc4 Nd7 16. Qe4 Rc8 17. Bb2 Rb8 18. Bc3 h6 19. Rfd1 Nb6 20. Qg4 O-O
21. Bd2 Kh8 22. Qh5 f6 23. exf6 Rxf6 24. Bc3 e5 25. Bxe5 Nxe5 26. Nxe5 a5 27.
Ra3 Kh7 28. Ng4 Rf4 29. Rg3 Rg8 30. Ne5 Rf6 31. Rg6 Rgf8 32. Rxf6 Rxf6 33. Qe8
Rd6 34. Re1 Qd8 35. Qb5 Rd2 36. Qxc5 Re2 37. Kf1 Rxe1+ 38. Kxe1 Nxa4 39. Qc6
Qe7 40. Qe4+ Kg8 41. f4 Nb6 42. Kd1 Qc5 43. h3 Nd5 44. Qf3 Qd4+ 45. Nd3 a4 46.
Qf2 Qa1+ 47. Kd2 Qc3+ 48. Kc1 Qa3+ 49. Kd2 Qc3+ 50. Kc1 Nf6 51. Qe1 Qa1+ 52.
Kd2 Qd4 53. Qe6+ Kh7 54. Ke2 a3 55. g4 Nd5 56. Qf5+ Kg8 57. Qe6+ Kh7 58. Qf5+
Kg8 59. Qe6+ Kh7 1/2-1/2

[Event "FRA T I 120102011"]
[Site "FRA"]
[Date "2010.11.14"]
[Round "3.3"]
[White "Pellegrin, Philippe"]
[Black "Camacho, Juan Carlos"]
[Result "1-0"]
[WhiteElo "2005"]
[BlackElo "2170"]
[PlyCount "115"]
[EventDate "2010.10.17"]
[EventType "team-match"]
[EventRounds "9"]
[EventCountry "FRA"]
[Source "FFE"]
[SourceDate "2010.10.29"]
[WhiteTeamCountry "FRA"]
[BlackTeamCountry "FRA"]

1. Nf3 Nf6 2. g3 d5 3. Bg2 e6 4. c4 Be7 5. b3 O-O 6. O-O c6 7. Bb2 Nbd7 8. d3
Re8 9. Nbd2 Bf8 10. Qc2 e5 11. e3 a5 12. a3 Bd6 13. Rfd1 Nf8 14. h3 Ng6 15. c5
Bc7 16. b4 Bd7 17. Bc3 Qc8 18. Kh2 h5 19. e4 b6 20. cxb6 Bxb6 21. Nf1 h4 22.
bxa5 Ba7 23. Qe2 hxg3+ 24. fxg3 Qa6 25. Re1 d4 26. Bd2 c5 27. Rec1 Bb5 28. Ne1
Rab8 29. a4 Bd7 30. Bg5 Rb3 31. Bxf6 Qxf6 32. Nd2 Rb2 33. Rc2 Rxc2 34. Nxc2 Rb8
35. Nc4 Rb3 36. Ne1 Be6 37. Rc1 Qd8 38. Nf3 Bxc4 39. Rxc4 Qxa5 40. Qc2 Qb6 41.
Nd2 Rb2 42. Qc1 Ra2 43. h4 Ne7 44. Rc2 Rxa4 45. Nc4 Qc7 46. Rf2 Bb8 47. Qg5 Ra6
48. Bh3 Rg6 49. Qh5 Nc6 50. Bf5 Rh6 51. Qg5 Nb4 52. Nxe5 f6 53. Be6+ Kf8 54.
Nd7+ Ke8 55. Qxg7 Rxh4+ 56. Kg2 Qxg3+ 57. Qxg3 Bxg3 58. Kxg3 1-0

[Event "FRA T I 120102011"]
[Site "FRA"]
[Date "2010.11.14"]
[Round "3.1"]
[White "Vanderbeeken, Mikael"]
[Black "Mindeguia Guruceaga, Juan Jesus"]
[Result "1/2-1/2"]
[WhiteElo "2138"]
[BlackElo "2192"]
[PlyCount "113"]
[EventDate "2010.10.17"]
[EventType "team-match"]
[EventRounds "9"]
[EventCountry "FRA"]
[Source "FFE"]
[SourceDate "2010.10.29"]
[WhiteTeamCountry "FRA"]
[BlackTeamCountry "FRA"]

1. e4 c5 2. Nf3 Nc6 3. d4 cxd4 4. Nxd4 e5 5. Nb5 d6 6. a4 Be7 7. N1c3 a6 8. Na3
Be6 9. Nc4 Rc8 10. Nd5 Nf6 11. Nxf6+ gxf6 12. Ne3 Nd4 13. Bd3 d5 14. O-O dxe4
15. Bxe4 Qd7 16. c3 Nb3 17. Qxd7+ Kxd7 18. Rb1 Nc5 19. Bc2 Bb3 20. Bxb3 Nxb3
21. Nd5 Ke6 22. Nxe7 Kxe7 23. f4 Nxc1 24. Rbxc1 Rhd8 25. fxe5 fxe5 26. Rf5 f6
27. Rh5 Rh8 28. Kf2 Rc7 29. Ke3 Ke6 30. c4 Rg8 31. g3 Rg4 32. b3 Rd4 33. Rc3 b5
34. axb5 axb5 35. h3 bxc4 36. Rxc4 Rcxc4 37. bxc4 Rxc4 38. Rxh7 Rc3+ 39. Kf2
Kf5 40. Rh5+ Ke4 41. g4 Rc2+ 42. Kg3 Rc3+ 43. Kf2 Rf3+ 44. Kg2 Ke3 45. g5 fxg5
46. Rxg5 e4 47. Ra5 Rf2+ 48. Kg3 Rf3+ 49. Kg2 Kf4 50. Ra8 Rg3+ 51. Kf2 Rf3+ 52.
Ke2 Re3+ 53. Kf2 Rxh3 54. Rf8+ Ke5 55. Re8+ Kd4 56. Rd8+ Kc3 57. Re8 1/2-1/2

[Event "FRA T I 120102011"]
[Site "FRA"]
[Date "2010.11.13"]
[Round "2.7"]
[White "Deschamps, Remi"]
[Black "Bedue, Julien"]
[Result "1-0"]
[WhiteElo "2098"]
[BlackElo "2088"]
[PlyCount "111"]
[EventDate "2010.10.17"]
[EventType "team-match"]
[EventRounds "9"]
[EventCountry "FRA"]
[Source "FFE"]
[SourceDate "2010.10.29"]
[WhiteTeamCountry "FRA"]
[BlackTeamCountry "FRA"]

1. e4 e5 2. Nf3 d6 3. d4 exd4 4. Nxd4 Nf6 5. Nc3 Be7 6. Bd3 O-O 7. O-O Re8 8.
Nd5 c5 9. Nb5 Nxd5 10. exd5 a6 11. Nc3 Nd7 12. Bf4 Nf6 13. a4 b6 14. h3 Qc7 15.
g4 Bb7 16. Bc4 Rad8 17. Qd3 Qc8 18. Rae1 Bf8 19. Bg5 Rxe1 20. Rxe1 Re8 21. Rxe8
Nxe8 22. Ne4 Nc7 23. Bf4 Qa8 24. Ng5 g6 25. Ne4 Ne8 26. Bb3 Qd8 27. Bc4 a5 28.
Qg3 Nc7 29. g5 Be7 30. Nc3 Qd7 31. Qg4 Bc8 32. Qxd7 Bxd7 33. Kg2 Bf5 34. Bd3
Bxd3 35. cxd3 Kf8 36. Kf3 Ke8 37. Ke3 Kd7 38. Kd2 f6 39. h4 f5 40. Kc2 Bf8 41.
Kb3 Bg7 42. Kc4 Bd4 43. Be3 Be5 44. d4 Bh2 45. dxc5 dxc5 46. Ne2 Be5 47. Bf4
Bxb2 48. Bxc7 Kxc7 49. Nf4 Bd4 50. Ne6+ Kd6 51. Nxd4 cxd4 52. Kxd4 f4 53. f3 b5
54. axb5 a4 55. b6 a3 56. Kc3 1-0

[Event "FRA T I 120102011"]
[Site "FRA"]
[Date "2010.11.14"]
[Round "3.3"]
[White "Dijoux, Frederic"]
[Black "Delpech, Frederic"]
[Result "1/2-1/2"]
[WhiteElo "2161"]
[BlackElo "2155"]
[PlyCount "111"]
[EventDate "2010.10.17"]
[EventType "team-match"]
[EventRounds "9"]
[EventCountry "FRA"]
[Source "FFE"]
[SourceDate "2010.10.29"]
[WhiteTeamCountry "FRA"]
[BlackTeamCountry "FRA"]

1. Nc3 c5 2. e4 Nc6 3. g3 b6 4. Bg2 Bb7 5. d3 d6 6. f4 Qd7 7. Nf3 g6 8. Be3 Bg7
9. Qd2 f5 10. O-O Nf6 11. h3 e6 12. Bf2 O-O 13. Rae1 Rae8 14. exf5 gxf5 15. Kh2
Nb4 16. a3 Nbd5 17. Nd1 b5 18. c4 bxc4 19. dxc4 Ne4 20. Qa5 Nb6 21. b3 Bf6 22.
Nd2 Nxf2 23. Rxf2 Bd4 24. Rfe2 Bxg2 25. Rxg2 e5 26. Ne3 Kh8 27. Nc2 exf4 28.
gxf4 Rxe1 29. Nxe1 Rg8 30. Ndf3 Rxg2+ 31. Nxg2 Bf6 32. Qe1 d5 33. Ne5 Qe8 34.
cxd5 Nxd5 35. Nd3 Qxe1 36. Ngxe1 Be7 37. Kg3 Nb6 38. Ne5 c4 39. Nxc4 Nxc4 40.
bxc4 Bxa3 41. Kf3 Kg8 42. Nd3 Bd6 43. Ke3 Kf7 44. Kd4 Ke6 45. Kc3 a6 46. Kb3
Kd7 47. c5 Bc7 48. Kc4 Kc6 49. Nb4+ Kb7 50. Nd5 Bd8 51. Ne3 Bc7 52. Nxf5 Bxf4
53. Kd5 a5 54. Nd4 a4 55. Kc4 a3 56. Kb3 1/2-1/2

[Event "FRA T I 120102011"]
[Site "FRA"]
[Date "2010.10.17"]
[Round "1.6"]
[White "Tafforeau, Romain"]
[Black "Alarcon, Eric"]
[Result "1/2-1/2"]
[WhiteElo "1995"]
[BlackElo "1958"]
[PlyCount "111"]
[EventDate "2010.10.17"]
[EventType "team-match"]
[EventRounds "9"]
[EventCountry "FRA"]
[Source "FFE"]
[SourceDate "2010.10.29"]
[WhiteTeamCountry "FRA"]
[BlackTeamCountry "FRA"]

1. d4 Nf6 2. c4 e6 3. Nc3 Bb4 4. e3 b6 5. Nf3 Bb7 6. Bd3 Ne4 7. Qc2 f5 8. O-O
Bxc3 9. bxc3 O-O 10. Nd2 Qh4 11. f3 Nxd2 12. Bxd2 d6 13. Rae1 Nd7 14. e4 f4 15.
Bc1 e5 16. Qf2 Qh5 17. g4 Qh3 18. Qg2 Qxg2+ 19. Kxg2 c5 20. d5 Kf7 21. Kf2 h5
22. h3 hxg4 23. hxg4 Rh8 24. Rh1 Ba6 25. Bd2 g5 26. Kg2 Kg7 27. Reg1 Rxh1 28.
Rxh1 Rh8 29. Rxh8 Kxh8 30. Kf2 Kg7 31. Ke2 Kf7 32. Kd1 Ke7 33. Kc2 Nf8 34. Be2
Ng6 35. Kd3 Kd8 36. Bd1 Bc8 37. Ba4 Bd7 38. Bd1 Kc7 39. Be1 Kb7 40. Kc2 Ka6 41.
Kb3 Ka5 42. Ka3 Ne7 43. Bd2 Ng8 44. Be1 Nf6 45. Bd2 Ng8 46. Be1 Ne7 47. Bb3 Ng6
48. Bd1 a6 49. Bd2 b5 50. cxb5 axb5 51. Be2 Nh4 52. Kb3 c4+ 53. Ka3 Ng2 54. Kb2
Kb6 55. Bf1 Nh4 56. Be2 1/2-1/2